MARC

LEADER 00000nam0a2200000 4500
001 40590
005 20231031013130.0
035 |a (RuTPU)RU\TPU\book\41648 
090 |a 40590 
100 |a 20020520d2002 m y0rusy50 ca 
101 0 |a rus 
102 |a RU 
105 |a y j 000zy 
200 1 |a Самоучитель по бухучету  |f С. И. Бакина, Л. В. Злобина , И. А. Исаева, С. Г. Исаев 
210 |a Москва  |c Бератор-Пресс  |d 2002 
215 |a 352 с.  |c ил. 
610 1 |a экономика 
610 1 |a финансы 
610 1 |a бухгалтерский учет 
610 1 |a планы счетов 
610 1 |a документы 
610 1 |a учетные регистры 
610 1 |a формы 
610 1 |a денежные расчеты 
610 1 |a предприятия 
610 1 |a учетная политика 
610 1 |a безналичные расчеты 
610 1 |a товарно-материальные ценности 
610 1 |a основные средства 
610 1 |a себестоимость 
610 1 |a нематериальные активы 
610 1 |a реализация 
610 1 |a ценные бумаги 
610 1 |a заработная плата 
610 1 |a налоги 
610 1 |a уставный капитал 
610 1 |a налог на добавленную стоимость 
610 1 |a налог на прибыль 
610 1 |a налог с продаж 
610 1 |a учебные пособия 
610 1 |a самоучители 
675 |a 657.22(07)  |v 3 
701 1 |a Бакина  |b С. И.  |g Светлана Ивановна 
701 1 |a Злобина  |b Л. В.  |g Лилия Владимировна 
701 1 |a Исаева  |b И. А.  |g Инна Александровна 
701 1 |a Исаев  |b С. Г.  |g Сергей Германович 
801 1 |a RU  |b 63413507  |c 20020520  |g PSBO 
801 2 |a RU  |b 63413507  |c 20050812  |g PSBO 
942 |c BK